00798cam a2200241 4500001001300000003000400013005001700017008004100034010001700075025002000092040001800112050001600130082001900146110012300165245007000288260002100358300003500379350001000414500001900424500004900443650004700492999001700539sa 68014488 DLC20260227112632.0700205s1966 ii 000 0 eng  asa 68014488  aPL480:I-E-10772 aDLCcDLCdDLC00aS539.I4bM300a630/.71/1547921 aMaharashtra, India (State).bAdvisory Committee for the Establishment of Agricultural University in Maharashtra State.10aEstablishment of Agricultural University in Maharashtra;breport. a[Bombay,c1966?] a1 v. (various pagings)c31 cm. a10.00 aCaption title. aL.C. copy imperfect: cover and t.p. wanting. 0aAgricultural collegeszIndiazMaharashtra. c85828d85828